| 000 | 00528cam a2200193ua 4500 | ||
|---|---|---|---|
| 001 | 3941 | ||
| 005 | 20260515113746.0 | ||
| 008 | 111209n ii |||gr||||Z||||||eng | ||
| 040 | _cMAIN | ||
| 082 | _a891.4511 | ||
| 100 | 1 |
_aBargohain, Homen, _eEditor., |
|
| 245 | 1 | 1 |
_aOne hundred years of assamese poetry _ced. by Homen Bargohain |
| 250 | _a1st. | ||
| 260 |
_aGuwahati: _bPublication board assam, _c2005. |
||
| 300 |
_a199p: _c23cm. |
||
| 653 | _aAssamese poem | ||
| 653 | _aOne hundred years of assamese poetry | ||
| 942 | _cBK | ||
| 999 |
_c3761 _d3761 |
||